Improving ruminant production and reducing methane emissions from ruminants by strategic supplementation
Na minha lista:
| Autor principal: | |
|---|---|
| Formato: | Livro |
| Idioma: | Undetermined |
| Publicado em: |
[New York]
1991
|
| Assuntos: | |
| Tags: |
Adicionar Tag
Sem tags, seja o primeiro a adicionar uma tag!
|
| Thư viện lưu trữ: | Trung tâm Học liệu Trường Đại học Cần Thơ |
|---|
| LEADER | 00500nam a2200169Ia 4500 | ||
|---|---|---|---|
| 001 | CTU_126176 | ||
| 008 | 210402s9999 xx 000 0 und d | ||
| 082 | |a 636.2 | ||
| 082 | |b L566 | ||
| 100 | |a Leng, R. A. | ||
| 245 | 0 | |a Improving ruminant production and reducing methane emissions from ruminants by strategic supplementation | |
| 245 | 0 | |c R. A. Leng | |
| 260 | |a [New York] | ||
| 260 | |c 1991 | ||
| 650 | |a Cattle | ||
| 904 | |i Nguyên | ||
| 980 | |a Trung tâm Học liệu Trường Đại học Cần Thơ | ||